| 000 | 01309nam a2200337 i 4500 | ||
|---|---|---|---|
| 001 | 000039177 | ||
| 003 | DO-SdBNP | ||
| 005 | 20260318084851.0 | ||
| 007 | ta | ||
| 008 | 130606s 2009 dr a 000 0 spa d | ||
| 020 | _a9789993458913 | ||
| 040 |
_aDO-SdBNP _bspa _cBNPHU _erda |
||
| 041 | _aspa | ||
| 082 | 4 |
_a972.93054 _bG277t _222 |
|
| 100 | 1 |
_aGautreaux Piñeyro, Bonaparte, _eautor _4aut. _928986 |
|
| 245 | 1 | 0 |
_aSanto Domingo 1965 : _bguerra patria de abril mi memoria, una visión personal / _cBonaparte Gautreaux Piñeyro, portada; Carlos Díaz, diagramación; Teresa Román. |
| 250 | _aPrimera edición | ||
| 264 |
_aSanto Domingo, República Dominicana : _bEditora Centenario, _c2009. |
||
| 300 |
_a589 páginas : _bilustraciones ; _c26 cm. |
||
| 336 |
_atexto _btxt _2rdacontent |
||
| 337 |
_asin mediación _bnc _2rdamedia |
||
| 338 |
_avolumen _bnc _2rdacarrier |
||
| 500 | _aIncluye datos biográficos del autor en la solapa de la cubierta. | ||
| 590 | _aInventariado, 2021/BT | ||
| 650 | 4 |
_aRepública Dominicana _xHistoria _y1965 _989215 |
|
| 650 | 4 |
_aRevolución de abril _y1965 _zRepública Dominicana _979399 |
|
| 700 | 1 |
_aDíaz, Carlos _eportada _976090 |
|
| 700 | 1 |
_aRomán, Teresa _eDiagramador _989216 _4diag. |
|
| 910 | _aBtavárez. Validado. Control de calidad/MAA | ||
| 942 |
_2ddc _cLBS1 |
||
| 999 |
_c38667 _d38667 |
||